SAS Guide for Use with Understanding Business Statistics

Gespeichert in:
Bibliographische Detailangaben
1. Verfasser: Srinivasan, S.
Format: Buch
Sprache:Englisch
Veröffentlicht: Homewood IRWIN 1992
Ausgabe:1. ed.
Schlagworte:
Tags: Tag hinzufügen
Keine Tags, Fügen Sie das erste Tag hinzu!

MARC

LEADER 00000nam a2200000 4500
001 c009981
005 20221206084842.3
020 |a 0-256-10970-2 
041 0 |a eng 
044 |a US 
245 1 0 |a SAS Guide for Use with Understanding Business Statistics  |c S. Srinivasan 
250 |a 1. ed. 
264 1 |a Homewood  |b IRWIN  |c 1992 
300 |a 107 s. 
610 2 0 |a štatistika 
610 2 0 |a obchod 
610 2 0 |a SAS 
610 2 0 |a systémy štatistické 
100 1 |a Srinivasan, S.